[Event "Guayaquil zt 2.3.5"]
[Site "Guayaquil"]
[Date "2012.03.05"]
[Round "1"]
[White "Hernandez, Alexander"]
[Black "Palacios Zambrano, Victor"]
[Result "1/2-1/2"]
[WhiteElo "2290"]
[BlackElo "2074"]
[PlyCount "64"]
[EventDate "2012.03.05"]
[EventType "swiss"]
[EventRounds "9"]
[EventCountry "ECU"]
[SourceTitle "EXT 2013"]
[Source "ChessBase"]
[SourceDate "2012.11.22"]
[SourceVersion "1"]
[SourceVersionDate "2012.11.22"]
[SourceQuality "1"]

1. e4 d5 2. exd5 Nf6 3. d4 Nxd5 4. c4 Nb6 5. Nc3 g6 6. Be3 Bg7 7. h3 0-0 8. Nf3 Nc6 9. Be2 e5 10. d5 Ne7 11. Qd2 Nf5 12. Bc5 Nd6 13. b3 Re8 14. 0-0 e4 15. Nd4 Qh4 16. Ncb5 e3 17. fxe3 Ne4 18. Qe1 Qxe1 19. Raxe1 Nxc5 20. Nxc7 Rxe3 21. Nc2 Rc3 22. Nxa8 Nxa8 23. Bg4 Bxg4 24. Re8+ Bf8 25. hxg4 Rxc2 26. Rxa8 Ne4 27. Re8 Nd6 28. Rd8 b6 29. Rf2 Rc1+ 30. Rf1 Rc2 31. Rf2 Rc1+ 32. Rf1 Rc2 1/2-1/2

[Event "Pan American-ch U20"]
[Site "Duran"]
[Date "2011.06.10"]
[Round "8"]
[White "Palacios Zambrano, Victor"]
[Black "Ortiz Quishpi, Oscar"]
[Result "1-0"]
[WhiteElo "2133"]
[BlackElo "1956"]
[PlyCount "80"]
[EventDate "2011.06.05"]
[EventType "swiss"]
[EventRounds "9"]
[EventCountry "ECU"]
[SourceTitle "EXT 2022"]
[Source "ChessBase"]
[SourceDate "2021.10.06"]
[SourceVersion "1"]
[SourceVersionDate "2021.10.06"]
[SourceQuality "1"]

1. d4 Nf6 2. c4 d6 3. Nc3 Nbd7 4. e4 e5 5. d5 Be7 6. f3 a6 7. Nge2 0-0 8. Be3 Rb8 9. a4 c6 10. Ng3 Re8 11. Qd2 Qc7 12. Bd3 cxd5 13. cxd5 Nc5 14. Bc2 b5 15. b4 Nxa4 16. Nxa4 bxa4 17. Bxa4 Bd7 18. 0-0 Qb7 19. Qd3 Rec8 20. Rfb1 Ra8 21. h3 g6 22. Bxd7 Nxd7 23. Ne2 Bd8 24. Kh2 Bb6 25. Bh6 Rcb8 26. Ra2 Bd8 27. Nc3 Rc8 28. Na4 Rcb8 29. Rbb2 Bb6 30. Rc2 Bd4 31. Bd2 Rc8 32. Rxc8+ Qxc8 33. Rc2 Qd8 34. Rc6 Nb8 35. Rc4 Nd7 36. Qa3 Kg7 37. Qc1 Nb6 38. Rc6 Rc8 39. Bh6+ Kg8 40. Nc3 Rb8 1-0

[Event "Pan American-ch U20"]
[Site "Duran"]
[Date "2011.06.08"]
[Round "5"]
[White "Palacios Zambrano, Victor"]
[Black "Rivera Ochoa, Byron"]
[Result "1-0"]
[WhiteElo "2133"]
[BlackElo "1708"]
[PlyCount "117"]
[EventDate "2011.06.05"]
[EventType "swiss"]
[EventRounds "9"]
[EventCountry "ECU"]
[SourceTitle "EXT 2022"]
[Source "ChessBase"]
[SourceDate "2021.10.06"]
[SourceVersion "1"]
[SourceVersionDate "2021.10.06"]
[SourceQuality "1"]

1. d4 Nf6 2. c4 c5 3. d5 b5 4. cxb5 a6 5. b6 Qxb6 6. Nc3 d6 7. Nf3 g6 8. Nd2 Bg7 9. e4 0-0 10. Nc4 Qc7 11. Bd3 Nbd7 12. 0-0 Nb6 13. h3 Nfd7 14. f4 Nxc4 15. Bxc4 Nb6 16. Be2 e6 17. dxe6 fxe6 18. Bf3 Rb8 19. Qe2 Bd4+ 20. Kh1 Bb7 21. Rb1 d5 22. exd5 exd5 23. Qe6+ Kg7 24. Qg4 Bc8 25. Qg3 Bf5 26. Ra1 Qd6 27. Rd1 Rfe8 28. Ne2 Bf6 29. Qf2 d4 30. Ng3 Bd7 31. Ne4 Rxe4 32. Bxe4 Re8 33. Bf3 Nd5 34. Bxd5 Qxd5 35. Kh2 Bc6 36. b3 d3 37. Bb2 Re2 38. Bxf6+ Kxf6 39. Qxe2 dxe2 40. Rxd5 Bxd5 41. Re1 c4 42. Rxe2 cxb3 43. axb3 Bxb3 44. Re5 Bc4 45. g4 h6 46. h4 Bb5 47. Kg3 Ba4 48. Kf3 Bb5 49. Ke3 Bf1 50. Kd4 Bh3 51. g5+ hxg5 52. hxg5+ Kf7 53. Ra5 Bf1 54. Ke5 Bb5 55. Ra3 Bc4 56. Rc3 Bb5 57. Rc7+ Kf8 58. Kf6 Be8 59. Ra7 1-0

[Event "Pan American-ch U16"]
[Site "Cuenca"]
[Date "2006.08.??"]
[Round "8"]
[White "Palacios Zambrano, Victor"]
[Black "Chang, Andres"]
[Result "1-0"]
[WhiteElo "1960"]
[BlackElo "1995"]
[PlyCount "65"]
[EventDate "2006.08.??"]
[EventType "swiss"]
[EventRounds "9"]
[EventCountry "ECU"]
[SourceTitle "EXT 2022"]
[Source "ChessBase"]
[SourceDate "2021.10.06"]
[SourceVersion "1"]
[SourceVersionDate "2021.10.06"]
[SourceQuality "1"]

1. d4 Nf6 2. c4 e5 3. d5 Bc5 4. Nc3 d6 5. e4 Nbd7 6. Bd3 a6 7. Nf3 0-0 8. 0-0 h6 9. h3 Re8 10. a3 a5 11. Bd2 Nf8 12. Ne2 Bd7 13. Qc2 a4 14. Ng3 Qe7 15. Nh4 N6h7 16. Nhf5 Bxf5 17. Nxf5 Qf6 18. Qd1 Ra6 19. Bc2 Rea8 20. Qg4 Ng6 21. g3 Rb6 22. Rab1 Kh8 23. Kg2 Ne7 24. f4 Nxf5 25. fxe5 dxe5 26. Rxf5 Qe7 27. Bc3 Rg6 28. Qf3 f6 29. h4 Bd4 30. Bxd4 exd4 31. Qd3 Qd6 32. Rf3 Rg4 33. e5 1-0